[Event "GER-chT WK U18 4th"]
[Site "Kiel"]
[Date "2008.06.01"]
[Round "5.1"]
[White "Juenger, Alexander"]
[Black "Aberle, Breno"]
[Result "0-1"]
[WhiteElo "1124"]
[BlackElo "1265"]
[PlyCount "97"]
[EventDate "2008.05.31"]
[EventType "team-swiss"]
[EventRounds "7"]
[EventCountry "GER"]
[SourceTitle "EXT 2010"]
[Source "ChessBase"]
[SourceDate "2010.11.25"]
[SourceVersion "1"]
[SourceVersionDate "2010.11.25"]
[SourceQuality "1"]

1. e4 c5 2. c3 Nc6 3. d4 cxd4 4. cxd4 g6 5. Nf3 Bg7 6. Nc3 d6 7. Bb5 Bd7 8. 0-0 e6 9. Be3 Nge7 10. Rc1 0-0 11. Qd2 a6 12. Ba4 Rc8 13. Bh6 Nb8 14. Bb3 Re8 15. Bxg7 Kxg7 16. Ne2 Rxc1 17. Rxc1 Qb6 18. Ng3 Rc8 19. Rxc8 Bxc8 20. Qf4 Qc7 21. Ng5 Nec6 22. Qh4 h6 23. Nf3 Qe7 24. Qxe7 Nxe7 25. Kf1 Kf8 26. Ke2 Ke8 27. Kd3 Kd7 28. d5 e5 29. Nd2 Kc7 30. Nc4 Bd7 31. Ke3 b5 32. Nd2 Kb6 33. f4 exf4+ 34. Kxf4 f6 35. Ne2 Kc5 36. Ke3 a5 37. Nc1 Na6 38. Nd3+ Kb6 39. a4 bxa4 40. Nc4+ Kc7 41. Bd1 Nb4 42. Nc1 Nc8 43. Nxa5 Kb6 44. Nc4+ Kc5 45. Na3 Nb6 46. Be2 Nc8 47. b3 axb3 48. Nxb3+ Kb6 49. Nc4+ 0-1